000 00939nam a2200241Ia 4500
001 1207
003 GE_BSU
008 181216s||||||||xx |||||||||||||| ||und||
040 _cGE_BSU
080 _a579(075.8)+578(075.8)
100 _aგენკელი, პ.ა.
245 _aმიკრობიოლოგია ვირუსოლოგიის საფუძვლებით
245 _bდამხმ. სახელმძღვ. პედ. ინ- ტის სტუდენტებისათვის
260 _aთბილისი
260 _bგანათლება
260 _c1983
300 _a300 გვ. 21 სმ.
541 _h12 ლ.
653 _aვირუსოლოგია
653 _aმიკრობიოლოგია
653 _aმიკრობიოლოგია ვირუსოლოგიის საფუძვლებით
942 _cBK
999 _c35354
_d35354